LEADER 01184nam--2200373---450- 001 990002001200203316 005 20040913092045.0 035 $a000200120 035 $aUSA01000200120 035 $a(ALEPH)000200120USA01 035 $a000200120 100 $a20040913d1976----km-y0itay0103----ba 101 0 $aita 102 $aIT 105 $aa|||||||001yy 200 1 $aMutualismo e cooperazione a Catanzaro tra Ottocento e Novecento$espigolando tra le carte Frangipane$fDiomede Ivone 210 $aChiaravalle$c[s.n.]$d1976 215 $a24 p.$cill.$d24 cm 300 $aEstratto da: Scritti di storia e cultura calabrese 410 0$12001 454 1$12001 461 1$1001-------$12001 600 1 $aFrangipane,$bFrancesco$xDocumenti 606 0 $aClasse operaia$xCooperazione$yCatanzaro$zSec. 19.-20. 676 $a945.781 700 1$aIVONE,$bDiomede$0126293 801 0$aIT$bsalbc$gISBD 912 $a990002001200203316 951 $aIII E Misc 155$b85471 L.M.$cIII E Misc 959 $aBK 969 $aUMA 979 $aSIAV5$b10$c20040913$lUSA01$h0920 996 $aMutualismo e cooperazione a Catanzaro tra Ottocento e Novecento$91046217 997 $aUNISA LEADER 02604oam 2200697 a 450 001 9910698110403321 005 20210211130012.0 035 $a(CKB)4330000000526114 035 $a(OCoLC)62366022$z(OCoLC)690787505$z(OCoLC)979588048$z(OCoLC)980056431$z(OCoLC)1011816546 035 $a(EXLCZ)994330000000526114 100 $a20051129e20042004 ua 0 101 0 $aeng 135 $aurc|||||||||| 181 $ctxt$2rdacontent 182 $cc$2rdamedia 183 $acr$2rdacarrier 200 12$aA charge we have to keep $ea road map to personal and economic freedom for people with intellectual disabilities in the 21st century /$fPresident's Committee for People with Intellectual Disabilities 210 1$aWashington, D.C. :$cPresident's Committee for People with Intellectual Disabilities,$d2004. 215 $a1 online resource (viii, 70 pages) $cillustrations 320 $aIncludes bibliographical references. 517 $aCharge We Have to Keep 606 $aIntellectual disability$zUnited States 606 $aPeople with mental disabilities$xCare$zUnited States$xPlanning 606 $aPeople with mental disabilities$xGovernment policy$zUnited States 606 $aPeople with mental disabilities$xServices for$zUnited States$xPlanning 606 $aPeople with mental disabilities$zUnited States 606 $aIntellectual disability$2fast 606 $aPeople with mental disabilities$2fast 606 $aPeople with mental disabilities$xGovernment policy$2fast 606 $aPeople with mental disabilities$xServices for$xPlanning$2fast 607 $aUnited States$2fast 615 0$aIntellectual disability 615 0$aPeople with mental disabilities$xCare$xPlanning. 615 0$aPeople with mental disabilities$xGovernment policy 615 0$aPeople with mental disabilities$xServices for$xPlanning. 615 0$aPeople with mental disabilities 615 7$aIntellectual disability. 615 7$aPeople with mental disabilities. 615 7$aPeople with mental disabilities$xGovernment policy. 615 7$aPeople with mental disabilities$xServices for$xPlanning. 801 0$bGPO 801 1$bGPO 801 2$bRCM 801 2$bSYB 801 2$bGPO 801 2$bOCLCQ 801 2$bOCLCE 801 2$bOCLCQ 801 2$bOCLCO 801 2$bOCLCQ 801 2$bCSF 801 2$bBUF 801 2$bOCLCF 801 2$bOCLCA 801 2$bOCL 801 2$bOCLCQ 801 2$bGPO 906 $aBOOK 912 $a9910698110403321 996 $aA charge we have to keep$93431760 997 $aUNINA